000 00519nam a2200181Ii 4500
003 JO-AjNU
008 230606s9999||||xx |||||||||||||| ||und||
040 _aJO-AjNU
_beng
_erda
_cJO-AjNU
041 _aeng
050 1 4 _aHC244.S59582.1978
100 3 _aCMEA,
_eauthor
_92866
245 0 0 _aCOLLECTED REPORTS ON VARIOUS ACTIVITIES OF BODIES OF THE CMEAIN 1977
264 3 1 _aMOSCOW,1977
300 _a236p
336 _atext
_btxt
_2rdacontent
337 _aunmediated
_bn
_2rdamedia
338 _avolume
_bnc
_2rdacarrier
999 _aE1501
_c1501
_d1501